Producción de forrajes /
Guardado en:
| Autor Principal: | |
|---|---|
| Formato: | Libro |
| Publicado: |
Madrid :
Mundi-prensa,
1980
|
| Edición: | 3a. ed. |
| Materias: | |
| Etiquetas: |
Agregar Etiqueta
Sin Etiquetas, Sea el primero en etiquetar este registro!
|
| LEADER | 01231nam a22002055a 4500 | ||
|---|---|---|---|
| 001 | CEM.cems018013 | ||
| 005 | 20130510112648.0 | ||
| 008 | 130507s1980##################000#0#####d | ||
| 003 | CEMS | ||
| 020 | |a 84711140500 | ||
| 082 | 0 | 4 | |a 633.2 |
| 100 | 1 | |a Duthil, Jean | |
| 245 | 1 | 0 | |a Producción de forrajes / |c Jean Duthil |
| 250 | |a 3a. ed. | ||
| 260 | |a Madrid : |b Mundi-prensa, |c 1980 | ||
| 300 | |a 413 p. | ||
| 505 | 0 | |a Introducción: sobre los diversos aspectos y problemas de la producción de forrajes -- La flora de las praderas -- Los factores de evolución de la flora de las praderas -- La fisiología de la hierba y sus consecuencias sobre la forma de explotar la pradera -- El poder nutritivo de la hierba -- Explotación y mantenimiento de las praderas -- Fertilización de las praderas -- Pradera temporal y especies seleccionadas -- Establecimiento y consecuencias de la pradera temporal -- Raíces y tubérculos forrajeros -- Los forrajes anuales -- Cómo se determina una alternativa forrajera -- Conservación de las raíces y tubérculos forrajeros -- Conservación de la hierba y los forrajes verdes | |
| 653 | |a Forrajes | ||
| 653 | |a Forrajes-producción | ||
| 859 | |a CEMS |b BIB. CEMS - Agricultura |h 633.2 |i D952a3 |p A1870.13 |t Ej.1 | ||
